002770000a2200073000450024500610000030000660006150000470012777300290017410aReeking of Jesus : Spiritual disciplines and LAM in 2004 aVol. 84, No. 3 (Noviembre, 2004-Febrero, 2005), Páginas 6-7 aConnie Befus, director of member Care, LAM0 tLatin America Evangelist